|
|
|
|
| LEADER |
00000nas a2200000 i 4500 |
| 001 |
ssj0001077773 |
| 003 |
WaSeSS |
| 005 |
20200512172242.0 |
| 006 |
m d |
| 007 |
cr n |
| 008 |
131227c20119999enkt| p|s|||||| |0eng d |
| 022 |
|
|
|a 2042-390X
|l 2042-3896
|y 2042-3896
|
| 035 |
|
|
|a (WaSeSS)ssj0001077773
|
| 040 |
|
|
|a WaSeSS
|b eng
|c WaSeSS
|d WaSeSS
|
| 050 |
1 |
4 |
|a LC1041
|
| 222 |
|
0 |
|a Higher education, skills and work-based learning
|b (Online)
|
| 245 |
0 |
0 |
|a Higher education, skills and work-based learning
|h [electronic resource].
|
| 260 |
|
|
|a Bingley, England :
|b Emerald Group Publishing,
|c 2011-
|
| 310 |
|
|
|a Three times a year
|
| 362 |
1 |
|
|a Began with Volume 1 (1) (2011).
|
| 506 |
|
|
|a License restrictions may limit access.
|
| 588 |
|
|
|a Description based on: Volume 1 (1) (2011); title from title screen (ProQuest, viewed Dec. 21, 2013).
|
| 588 |
|
|
|a Latest issue consulted: Volume 3 (3) (2013) (viewed Dec. 21, 2013).
|
| 650 |
|
0 |
|a Vocational education
|v Periodicals.
|
| 650 |
|
0 |
|a Education, Higher
|v Periodicals.
|
| 655 |
|
0 |
|a Electronic journals.
|
| 776 |
0 |
8 |
|i Print version:
|t Higher education, skills and work-based learning
|x 2042-3896
|
| 856 |
4 |
0 |
|z Full text available from Research Library: 01/01/2011 to 1 year ago
|u https://search.proquest.com/publication/566318
|